NLSUI OPAC header image

India since independence / (Record no. 25311)

MARC details
000 -LEADER
fixed length control field 01085cam a2200337 a 4500
001 - CONTROL NUMBER
control field 15236413
005 - DATE AND TIME OF LATEST TRANSACTION
control field 20260318050848.0
008 - FIXED-LENGTH DATA ELEMENTS--GENERAL INFORMATION
fixed length control field 080301s2008 ii b 001 0 eng
010 ## - LIBRARY OF CONGRESS CONTROL NUMBER
LC control number 2008348334
020 ## - INTERNATIONAL STANDARD BOOK NUMBER
International Standard Book Number 9780143104094
025 ## - OVERSEAS ACQUISITION NUMBER
Overseas acquisition number I-E-2008-348334; 62-90
035 ## - SYSTEM CONTROL NUMBER
System control number 15236413
035 ## - SYSTEM CONTROL NUMBER
System control number (IN-NdUBS)UBS08000618
040 ## - CATALOGING SOURCE
Original cataloging agency DLC
Transcribing agency DLC
042 ## - AUTHENTICATION CODE
Authentication code lcode
043 ## - GEOGRAPHIC AREA CODE
Geographic area code a-ii---
082 ## - DEWEY DECIMAL CLASSIFICATION NUMBER
Classification number 954.04 BIP
100 1# - MAIN ENTRY--PERSONAL NAME
Personal name Chandra, Bipan
245 10 - TITLE STATEMENT
Title India since independence /
Statement of responsibility, etc. Bipan Chandra, Mridula Mukherjee and Aditya Mukherjee.
250 ## - EDITION STATEMENT
Edition statement Rev. ed.
260 ## - PUBLICATION, DISTRIBUTION, ETC.
Place of publication, distribution, etc. New Delhi :
Name of publisher, distributor, etc. Penguin Books,
Date of publication, distribution, etc. 2008.
300 ## - PHYSICAL DESCRIPTION
Extent xvi, 771 p. ;
Dimensions 23 cm.
651 #0 - SUBJECT ADDED ENTRY--GEOGRAPHIC NAME
Geographic name India
General subdivision History
Chronological subdivision 1947-
700 1# - ADDED ENTRY--PERSONAL NAME
Personal name Mukherjee, Aditya.
700 1# - ADDED ENTRY--PERSONAL NAME
Personal name Mukherjee, Mridula.
856 ## - ELECTRONIC LOCATION AND ACCESS
Uniform Resource Identifier <a href="https://books.google.co.in/books/about/India_Since_Independence.html?id=dE9qEg-NgHMC&redir_esc=y">https://books.google.co.in/books/about/India_Since_Independence.html?id=dE9qEg-NgHMC&redir_esc=y</a>
Link text Table of contents
906 ## - LOCAL DATA ELEMENT F, LDF (RLIN)
a 7
b cbc
c origode
d 3
e ncip
f 20
g y-gencatlg
942 ## - ADDED ENTRY ELEMENTS (KOHA)
Source of classification or shelving scheme Dewey Decimal Classification
Koha item type BOOKs
Holdings
Withdrawn status Lost status Damaged status Not for loan Home library Current library Shelving location Date acquired Cost, normal purchase price Total Checkouts Full call number Barcode Date last seen Price effective from Koha item type
        NLS NLS   30/05/2017 395.00   954.04 BIP-1 22704 14/06/2024 30/05/2017 BOOKs
        NLS NLS   30/05/2017 395.00   954.04 BIP-2 22705 30/05/2017 30/05/2017 BOOKs
        NLS NLS Library Compactors 30/05/2017 395.00   954.04 BIP-3 22706 30/05/2017 30/05/2017 BOOKs